Základy hodinárstva : úvod do hodinárského odboru vhodný pre samostatné štúdium, školenie a informácie /

Hlavní autor: Martínek, Zdeněk, 1921-
Další autoři: Řehoř, Jaroslav, 1934-2023
Jazyk: Slovenština
Vydáno: Bratislava : Alfa, 1987
Vydání: 4., nezm. vyd.
Edice: Edícia strojárskej literatúry (Alfa)
Témata:
Fyzický popis: 159 s.
Knihy
Uloženo v:
LEADER 00917nam a22002532a 4500
001 000231919
003 CZ BrMZK
005 20090313135357.0
007 ta
008 970103s1987 xo f 000 0 slo d
040 |a BOA001  |b cze 
080 |a 681.11  |2 MRF 
100 1 |a Martínek, Zdeněk,  |d 1921-  |7 jk01080365  |4 aut 
245 1 0 |a Základy hodinárstva :  |b úvod do hodinárského odboru vhodný pre samostatné štúdium, školenie a informácie /  |c Zdeněk Martínek, Jaroslav Řehoř 
250 |a 4., nezm. vyd. 
260 |a Bratislava :  |b Alfa,  |c 1987 
300 |a 159 s. 
490 1 |a Edícia strojárskej literatúry 
653 0 |a hodinářství 
700 1 |a Řehoř, Jaroslav,  |d 1934-2023  |7 jx20040813019  |4 aut 
830 0 |a Edícia strojárskej literatúry (Alfa)  |0 s 
910 |a BOA001  |b TK-0233.588 
990 |a BK 
996 7 |b 2629997389  |c TK-0233.588  |l MZK  |r Sklad / do 24 hodin  |n 5  |w 000231919  |u 000010  |a 1  |e BOA001  |j MZK50  |s A